000 00492nam a2200181Ia 4500
005 20250326143529.0
008 250326s9999 xx 000 0 und d
037 _aTextbook
040 _aFMSL
_beng
_cFMSL
041 _aeng
_2eng
084 _aL:14.4 P4
_qFMSL
100 _aBlank R.h
_9748149
245 0 _aComparative health policy
_cBlank R.h; Burau V
260 _aNew York
_bNew York, Palgrave
300 _a260p
942 _cTB
_hL:14.4 P4
999 _c1299975
_d1299975